00329nam a2200145Ia 4500008004100000084001500041100001800056245001400074250002000088260000900108260000900117260001200126300001000138500003500148180424s9999 xx 000 0 und d aT10 I21:10 a"Iraianbu, V" 0aSagavaram a\\201000ENGGPCX aNCBH b2010 cCHENNAI a224p. aincludes index and biblioraphy